Governadores do Rio de Janeiro - Statistics

Estatísticas Gerais
  • Esse quiz foi jogado 103 vezes
    15 desde o último reset
  • A pontuação média é 9 de 15
Estatísticas das Respostas
Dica Resposta % Correto
1999-2002 Anthony Garotinho (PDT)
100%
2021-2026 Claudio Castro (PSC/PL)
100%
2014-2019 Luiz Fernando Pezão (PMDB)
100%
2002-2003 Benedita da Silva (PT)
87%
1983-1987 Leonel Brizola (PDT)
87%
1991-1994 Leonel Brizola (PDT)
87%
2007-2014 Sergio Cabral (PMDB)
87%
2019-2021 Wilson Witzel (PSC)
87%
2003-2007 Rosinha Garotinho (PSB)
60%
1987-1991 Moreira Franco (PMDB)
47%
1995-1999 Marcello Alencar (PSDB)
33%
1994-1995 Nilo Batista (PDT)
20%
2026 Ricardo Couto (pres. do TJ)
20%
1979-1983 Chagas Freitas (MDB)
13%
1975-1979 Faria Lima (ARENA)
0%
Nenhum quiz correspondente encontrado
Distribuição das Pontuações
Porcentagem de Pessoas com Cada Pontuação
Percentil de Números Respondidos
Sua Pontuação Histórica
Você não jogou esse quiz desde o último reset